| 000 | 00457nam a2200157 i 4500 | ||
|---|---|---|---|
| 001 | 78304 | ||
| 003 | ES-MaACL | ||
| 005 | 20230906173641.0 | ||
| 007 | t| | ||
| 008 | 041013s1934 xxk ||||1| eng d | ||
| 100 | 1 |
_aHaskell, Arnold L. _962034 |
|
| 245 | 1 | 0 |
_aBalletomania _b: the story of an obsession / _cby Arnold L. Haskell. |
| 260 |
_aLondon : _b[s.n., _c1934] ( _fThe Camelot Press) |
||
| 300 |
_a350 p. : _bil. ; _c24 cm. |
||
| 852 |
_aES-MaACL _jA-3645 |
||
| 999 |
_c78304 _d78304 |
||